Rhymes with 'Fine' Quiz Stats

Quiz Updated Mar 5, 2016

Also try: Rhymes with 'HINT'
Challenge
Share
Tweet
Embed
Score 0/24 Timer 04:00
1 Play Today
% Correct
dine
97.3%
mine
97%
pine
95.4%
line
95.1%
wine
94.2%
tine
91.1%
nine
89.1%
vine
85.8%
sine
84.4%
bine
82.5%
brine
79.1%
shine
66.1%
% Correct
spine
61.5%
whine
60.8%
sign
57.5%
cline
56.1%
chine
54.8%
stein
53.8%
trine
49.8%
swine
46.6%
twine
45.5%
shrine
36.6%
spline
23.1%
dyne
6.9%

You're not logged in!

Compare scores with friends on all Sporcle quizzes.
Sign Up with Email
OR
Log In

You Might Also Like...

Show Comments

Extras

Top Quizzes Today


Score Distribution

Your Account Isn't Verified!

In order to create a playlist on Sporcle, you need to verify the email address you used during registration. Go to your Sporcle Settings to finish the process.

Report this User

Report this user for behavior that violates our Community Guidelines.

Details: